Podstawowa wiedza historyczna - Statystyki

Ogólne statystyki
  • Ten quiz został rozwiązany 60 razy
  • Średni wynik to 5 z 10
Statystyki odpowiedzi
Hint Odpowiedź % Poprawnych
Data rozpoczęcia II wojny światowej, atak na Polskę przez III Rzeszę 01.09.1939r.
87%
Jak nazywała się bliska dla Juliusza Cezara osoba, która również go dźgnęła Brutus
80%
Człowiek, który podbił Persję, syn Filipa Macedońskiego. Zmarł na gorączkę. Aleksander Wielki
78%
Król Sparty, waleczny i dzielny, zginął podczas słynnej bitwy przeciwko Persji pod Termopilami. O kim mowa? Leonidas I
59%
Jakie miasto podczas II wojny światowej było oblegane przez Niemców podczas akcji Barbarossa Leningrad
50%
Data założenia Rzymu z legendy o Remusie i Romulusie 753 r. p.n.e
44%
Kiedy została wydana Konstytucja Stanów Zjednoczonych Ameryki? 17 września 1787
43%
Cesarzowa Indii, nazwana została po niej cała era w dziejach ludzkości. Aleksandryna Wiktoria
31%
Ojciec demokracji, władca Polis Ateńskiego, umarł podczas wojny Peloponeskiej, o kim mowa? Perykles
26%
Dodatkowe, za to ciężkie. Jak inaczej nazywało się wojsko zaciężne w Polsce w latach 1648-1699r. kwarciane
9%
Nie znaleziono quizów pasujących do podanych kryteriów
Rozkład punktacji
Procent ludzi z każdym wynikiem
Percentyl według liczby udzielonych odpowiedzi
Twoja historia wyników
Nie rozwiązałeś tego quizu